000 01764cam a22003977a 4500
999 _c328644
_d328644
001 16244553
003 Nust
005 20170412163346.0
008 100520s2009 nyu j 000 1 eng d
010 _a 2010279405
020 _a9780755370177
035 _a(OCoLC)ocn318878016
040 _aBTCTA
_cBTCTA
_dGO6
_dXL4
_dCNB
_dC#L
_dCVA
_dDLC
042 _alccopycat
043 _an-us-ny
050 0 0 _aPZ7.V94
_bIaw 2009
082 _a813.6
_bZIE
100 1 _aVon Ziegesar, Cecily.
245 1 0 _aI will always love you :
_ba Gossip Girl novel /
_ccreated by Cecily von Ziegesar.
250 _a1st ed.
260 _aNew York, NY :
_bLittle, Brown and Co.,
_c2009.
300 _a360 p. ;
_c21 cm.
500 _a"Poppy."
520 _aAfter graduating and moving on to college, Blair, Serena, Nate, Dan, and Vanessa are forced to come to terms with past events when they are reunited in the city during the holidays in this coming-of-age story.
521 1 _aAges 15 and up.
650 0 _aTeenage girls
_zNew York (State)
_zNew York
_vFiction.
650 0 _aCollege students
_vFiction.
650 0 _aChildren of the rich
_zNew York (State)
_zNew York
_vFiction.
650 1 _aTeenage girls.
_zNew York (State)
_zNew York
_vFiction.
650 1 _aCollege students
_vFiction.
651 0 _aNew York (N.Y.)
_vFiction.
651 1 _aNew York (N.Y.)
_vFiction.
856 4 2 _3Contributor biographical information
_uhttp://www.loc.gov/catdir/enhancements/fy1010/2010279405-b.html
856 4 2 _3Publisher description
_uhttp://www.loc.gov/catdir/enhancements/fy1010/2010279405-d.html
906 _a7
_bcbc
_ccopycat
_d2
_encip
_f20
_gy-gencatlg
942 _2ddc
_cBK